000 00772nam a2200265Ia 4500
003 OSt
005 20220918220933.0
006 a|||||r|||| 00| 0
007 ta
008 220917b |||||||| |||| 00| 0 eng d
024 _a147,495
037 _cTextual
040 _aARTS
_cARTS
_beng
041 _2eng
_aeng
082 _aY51(Q6):(T), K4
100 _aErasmus Desiderius
_9138563
245 0 _aEducation of Christain Price tr by Lester K Born
260 _aNew York
_bOctagon
_c1964
300 _a277p.
_ccm.
490 _aRecords of civilization : Sources and studies ed by W T H Jackson
500 _aBibliography p259-268
650 _aSOCIOLOGY
942 _hY51(Q6):(T), K4
_cTEXL
_2CC
999 _c270234
_d270234